| 000 | 00571nam a2200145Ia 4500 | ||
|---|---|---|---|
| 008 | 140724s9999 xx 000 0 und d | ||
| 050 |
_aBF 576 _b.M266 2014 |
||
| 100 | _aManansala, Ma Melissa G. | ||
| 245 |
_aFactors affecting the emotional and social adjustments of selected korean high school students in Southville International School and Colleges / _cMa. Melissa G. Manansala. |
||
| 260 |
_aLas PiƱas, Philippines : _bSouthville International School and Colleges, _cc2014. |
||
| 300 |
_a83 p. : _c28 cm. |
||
| 521 | _aPsychology | ||
| 942 | _cTH | ||
| 999 |
_c229299 _d229299 |
||